Tham vọng bá quyền : Hội thoại về tình hình thế giới sau sự kiện 11/9

Sách giúp bao gồm 9 chương: Chương 1: Tham vong bá quyền; Chương 2: Ngôn ngữ song hành; Chương 3: Đổi chế độ; ...

Guardado en:
Detalles Bibliográficos
Autor principal: Chomsky, Noam
Formato: Libro
Lenguaje:Undetermined
Publicado: Hà Nội Tri Thức 2006
Materias:
Etiquetas: Agregar Etiqueta
Sin Etiquetas, Sea el primero en etiquetar este registro!
Thư viện lưu trữ: Trung tâm Học liệu Trường Đại học Cần Thơ
LEADER 00910nam a2200229Ia 4500
001 CTU_126682
008 210402s9999 xx 000 0 und d
020 |c 29000 
082 |a 327.73009 
082 |b C548 
100 |a Chomsky, Noam 
245 0 |a Tham vọng bá quyền : 
245 0 |b Hội thoại về tình hình thế giới sau sự kiện 11/9 
245 0 |c Noam Chomsky ; Trịnh Lữ dịch và giới thiệu 
260 |a Hà Nội 
260 |b Tri Thức 
260 |c 2006 
520 |a Sách giúp bao gồm 9 chương: Chương 1: Tham vong bá quyền; Chương 2: Ngôn ngữ song hành; Chương 3: Đổi chế độ; ... 
650 |a Preemptive attack ( Military science ),Iraq War, 2003,Imperialism,World politics 
650 |y 1995-2005 
904 |i Nguyên 
980 |a Trung tâm Học liệu Trường Đại học Cần Thơ